000 00845nam a2200277Ia 4500
001 Para_6117
003 CHAP
008 220125s1976 xx 000 0 und d
010 _a204897
040 _cCHAP
090 _aPA FOLLETO 245
110 _aCommonwealth Scientific and Industrial Research Organization
_926028
245 _aCode of practice for safe use of pesticides /
_c Commonwealth Scientific and Industrial Research
260 _aMelbourne, Australia :
_b SCIRO
300 _a28 p.
440 _aSafety booklet; 3
_9170833
650 _aPesticidas
_x aplicacion
_987539
650 _aPesticidas
_x medidas de seguridad
_987564
901 _aPA FOLLETO 245
902 _aA
905 _a0000001976 0000000000 00
910 _a1976
942 _cPARA
942 _cPARA
_d1
999 _c204897
_d204897